[Event "Teheran op"]
[Site "Teheran"]
[Date "1991.??.??"]
[Round "9"]
[White "Guseinov, Aidyn"]
[Black "Tondivar, Babak"]
[Result "1-0"]
[WhiteElo "2375"]
[BlackElo "2265"]

1.d4 Nf6 2.c4 g6 3.Nc3 Bg7 4.e4 d6 5.Be2 O-O 6.Nf3 e5 7.O-O Nc6 8.d5 Ne7
9.Nd2 a5 10.b3 Nd7 11.Ba3 f5 12.b4 Bh6 13.bxa5 Rxa5 14.Bb4 Ra8 15.a4 Nf6
16.Bd3 Bxd2 17.Qxd2 f4 18.c5 g5 19.Nb5 Ne8 20.f3 Ng6 21.Qc2 Rf7 22.Ra3 Rg7
23.Be2 h5 24.Rc1 g4 25.fxg4 Bxg4 26.Kh1 Nh4 27.Bf1 Qf6 28.Qf2 Rd8 29.cxd6 Nxd6
30.Nxd6 cxd6 31.Rac3 Kh7 32.Rc7 Rdd7 33.Rxd7 Bxd7 34.a5 Kh6 35.Rc7 Be8 36.Qb6 Rxc7
37.Qxc7 f3 38.g3 Ng6 39.Bd2+ Nf4 40.gxf4 exf4 41.Qc3  1-0

[Event "Tel Aviv"]
[Site "Tel Aviv"]
[Date "1991.??.??"]
[Round "1"]
[White "Grivas, Efstratios"]
[Black "Murrey, Jacob"]
[Result "1/2-1/2"]
[WhiteElo "2425"]
[BlackElo "2440"]

1.d4 Nf6 2.c4 g6 3.Nc3 Bg7 4.e4 d6 5.Be2 O-O 6.Nf3 e5 7.O-O Nc6 8.d5 Ne7
9.b4 Nh5 10.c5 a5 11.cxd6 cxd6 12.Nb5 Nf4 13.Bxf4 exf4 14.Rc1 axb4 15.Qb3 Bg4
16.Rc7 Nc8 17.Rxb7 Qa5 18.Bc4 Nb6 19.Rc7 Nxc4 20.Qxc4 Rfc8 21.Rc6 Rxc6 22.Qxc6 Qxa2
23.Nxd6 Qa7 24.Nb5 Qa6 25.Nfd4 Bxd4 26.Qxa6 Bxf2+ 27.Rxf2 Rxa6 28.Rb2 f3
29.Nd4 Ra1+ 30.Kf2 fxg2 31.Kxg2 Re1 32.Rxb4 Rxe4 33.Rb8+ Kg7 34.Nc6 Bd7 35.Rb7 Bxc6
36.dxc6 Rc4 37.c7 Kf6 38.Kf3 Ke6 39.Ra7 h5 40.Kg3 g5 41.Rb7 f6 42.Ra7 Kf5
43.Ra5+ Kg6 44.Ra7 Rc3+ 45.Kg2 Rc2+ 46.Kg3 h4+ 47.Kf3 Kf5 48.h3 Rc3+ 49.Kg2 Kg6
50.Rb7 Kh5 51.Rb6 Rc2+ 52.Kg1 Kg6 53.Rb7  1/2-1/2

[Event "Toledo"]
[Site "Toledo"]
[Date "1991.??.??"]
[Round "5"]
[White "Franco Ocampo, Zenon"]
[Black "Reyes, Juan"]
[Result "1/2-1/2"]
[WhiteElo "2495"]
[BlackElo "2415"]

1.d4 Nf6 2.c4 g6 3.Nc3 Bg7 4.e4 d6 5.Be2 O-O 6.Nf3 e5 7.O-O Nc6 8.d5 Ne7
9.Ne1 Nd7 10.Be3 f5 11.f3 f4 12.Bf2 g5 13.a4 a5 14.Nd3 Ng6 15.c5 Nf6 16.Rc1 Rf7
17.cxd6 cxd6 18.Qb3 g4 19.Bb6 Qe7 20.Nb5 g3 21.Rc7 Bd7 22.Kh1 Nh5 23.h3 Qh4
24.Rxd7 Rxd7 25.Nc7 Rc8 26.Ne6 Nf6 27.Bxa5 Qh5 28.Qd1 Nf8 29.Bc3 Re7 30.Nb4 Qf7
31.Nxf8 Bxf8 32.a5 Rec7 33.a6 bxa6 34.Bxa6 Rxc3 35.bxc3 Rxc3 36.Nc6 Qc7 37.Qa1 Rb3
38.Bc4 Rb6 39.Rc1 Nd7 40.Qa2 Kg7 41.Ra1 Kf6 42.Bd3 Nb8 43.Qa8 Qb7  1/2-1/2

[Event "Torcy op"]
[Site "Torcy"]
[Date "1991.??.??"]
[Round "?"]
[White "Roeder, Mathias"]
[Black "Georgiev, Krum"]
[Result "1/2-1/2"]
[WhiteElo "2430"]
[BlackElo "2480"]

1.d4 Nf6 2.c4 g6 3.Nc3 Bg7 4.e4 d6 5.Be2 O-O 6.Nf3 e5 7.O-O Nc6 8.d5 Ne7
9.Ne1 Nd7 10.Nd3 f5 11.Bd2 Rf7 12.Rc1 Qf8 13.f3 Nf6 14.c5 Bh6 15.Nb5 fxe4
16.fxe4 Nxe4 17.Rxf7 Kxf7 18.Bxh6 Qxh6 19.Nxc7 Qe3+ 20.Kh1 Nf5 21.Bf3 Qxd3
22.Bxe4 Qxd1+ 23.Rxd1 Rb8 24.b4 a6 25.a3 Ke7 26.Rd3 Nd4 27.Re3 a5 28.h3 Kd7
29.Ne6 axb4 30.axb4 Nxe6 31.dxe6+ Ke7 32.cxd6+ Kxd6 33.Rd3+ Ke7 34.Rd5 Bxe6
35.Rxe5 Kd6 36.Ra5 Bd7 37.Rd5+ Ke6 38.Rd2 Bc6 39.Bxc6 bxc6 40.Rd4 Ke5 41.Rc4 Kd5
42.Rf4 Rb7 43.Kh2 Re7 44.Rf8 Rb7 45.Rf4 Re7 46.Rf8 Rb7  1/2-1/2

[Event "Torcy op-B"]
[Site "Torcy"]
[Date "1991.??.??"]
[Round "?"]
[White "Bibikoff, M."]
[Black "Cottrel, Xavier"]
[Result "1/2-1/2"]
[WhiteElo "1960"]
[BlackElo "1830"]

1.Nf3 Nf6 2.c4 d6 3.d4 g6 4.Nc3 Bg7 5.e4 O-O 6.Be2 e5 7.O-O Nc6 8.d5 Ne7
9.Nd2 Ne8 10.Rb1 a5 11.a3 c5 12.b4 axb4 13.axb4 b6 14.bxc5 bxc5 15.Qb3 f5
16.Qb6 Qd7 17.f3 Ba6 18.Ra1 Nc7 19.Nb5 Bxb5 20.Rxa8 Nxa8 21.Qxb5 Qd8 22.Nb3 Qc7
23.Na5 Rb8 24.Qa6 Nb6 25.Bg5 Nbc8 26.Bd3 Rb6 27.Qa8 Rb8  1/2-1/2

[Event "Vienna op"]
[Site "Vienna"]
[Date "1991.??.??"]
[Round "1"]
[White "Lobron, Eric"]
[Black "Wallner, Alfred"]
[Result "1-0"]
[WhiteElo "2540"]
[BlackElo "2230"]

1.d4 Nf6 2.c4 g6 3.Nc3 Bg7 4.e4 d6 5.Nf3 O-O 6.Be2 e5 7.O-O Nc6 8.d5 Ne7
9.Rb1 a5 10.Ne1 Nd7 11.Nd3 f5 12.Bd2 Kh8 13.f3 Ng8 14.Rc1 Ngf6 15.g4 f4 16.Be1 h5
17.g5 Nh7 18.h4 Nb6 19.b3 Qe7 20.Rf2 Rd8 21.Bf1 c5 22.Rb2 Bd7 23.Nf2 Rdc8
24.Bh3 Bxh3 25.Nxh3 Rcb8 26.Qd3 Nc8 27.a3 b6 28.Rcb1 Rb7 29.Qf1 Na7 30.Nf2 Rab8
31.b4 axb4 32.axb4 Nf8 33.Nd3 Qc7 34.Bf2 Nd7 35.Ra1 Qc8 36.Rba2 Qc7 37.Rb1 Rc8
38.bxc5 bxc5 39.Rxb7 Qxb7 40.Qa1 Rc7 41.Rb2 Qc8 42.Qb1 Qa6 43.Qa2 Qxa2 44.Rxa2 Rb7
45.Be1 Bf8 46.Kf1 Kg8 47.Ke2 Kf7 48.Nc1 Be7 49.Kd3 Ke8 50.Ra3 Bd8 51.Nb3 Bc7
52.Na1 Kd8 53.Nc2 Bb8 54.Ra2 Nb6 55.Na3 Nbc8 56.Na4 Rb3+ 57.Bc3 Bc7 58.Kc2 Rb8
59.Nb1 Rb7 60.Nd2 Nb6 61.Bxe5  1-0

[Event "Vienna"]
[Site "Vienna"]
[Date "1991.??.??"]
[Round "5"]
[White "Epishin, Vladimir"]
[Black "Kindermann, Stefan"]
[Result "1-0"]
[WhiteElo "2615"]
[BlackElo "2500"]

1.d4 Nf6 2.c4 g6 3.Nc3 Bg7 4.e4 d6 5.Nf3 O-O 6.Be2 e5 7.O-O Nc6 8.d5 Ne7
9.Nd2 a5 10.Rb1 Nd7 11.a3 f5 12.b4 Kh8 13.f3 Ng8 14.Qc2 axb4 15.axb4 Ndf6
16.c5 Nh5 17.Nc4 Nf4 18.Be3 Qg5 19.Bd3 Bd7 20.Kh1 Qe7 21.b5 dxc5 22.b6 c6
23.Bxf4 exf4 24.e5 cxd5 25.Nxd5 Ba4 26.Qe2 Qd7 27.Nc7 Rad8 28.Bc2 Bxc2 29.Qxc2 Qe7
30.Rfe1 Rd4 31.Nd6 Rxd6 32.exd6 Qxd6 33.Ne8 Qc6 34.Nxg7 Kxg7 35.Qc4 Rf7 36.Re5 Rd7
37.Qxc5 Qf6 38.Rbe1 Kh6 39.Re8 Kg7 40.Qc8  1-0

[Event "Vienna op"]
[Site "Vienna"]
[Date "1991.??.??"]
[Round "8"]
[White "Roeder, Mathias"]
[Black "Van Wely, Loek"]
[Result "0-1"]
[WhiteElo "2435"]
[BlackElo "2475"]

1.d4 Nf6 2.c4 g6 3.Nc3 Bg7 4.e4 d6 5.Be2 O-O 6.Nf3 e5 7.O-O Nc6 8.d5 Ne7
9.Ne1 Nd7 10.Nd3 f5 11.Bd2 Nf6 12.f3 Kh8 13.Qc2 h5 14.c5 c6 15.cxd6 Qxd6
16.Be3 cxd5 17.Bc5 Qe6 18.Nb5 Ne8 19.Nb4 fxe4 20.fxe4 Rxf1+ 21.Rxf1 Bd7 22.exd5 Nxd5
23.Nxd5 Qxd5 24.Bf3 Qe6 25.Nc3 Bc6 26.Be4 Bxe4 27.Qxe4 Rc8 28.Bxa7 Nd6 29.Qe2 e4
30.Rd1 Re8 31.Bd4 Nf5 32.Bxg7+ Kxg7 33.Qb5 Re7 34.a4 e3 35.Ne2 Qe4 36.Ng3 e2
37.Nxf5+ gxf5 38.Re1 Qe3+ 39.Kh1 Qd2  0-1

[Event "Waldshut MA"]
[Site "Waldshut"]
[Date "1991.??.??"]
[Round "4"]
[White "Kettner, Juergen"]
[Black "Metz, Hartmut"]
[Result "1-0"]
[WhiteElo "2215"]
[BlackElo "2255"]

1.c4 Nf6 2.Nc3 g6 3.e4 d6 4.d4 Bg7 5.Nf3 O-O 6.Be2 e5 7.O-O Nc6 8.d5 Ne7
9.Ne1 Nd7 10.Nd3 f5 11.f3 a5 12.Be3 b6 13.a3 Ba6 14.Nb5 Nf6 15.Nf2 Qd7 16.Qa4 Rfc8
17.Rfd1 Kh8 18.b4 Bb7 19.Rd3 axb4 20.Qxb4 Neg8 21.g4 Rf8 22.a4 Ra5 23.Qb2 Rfa8
24.Rda3 Bc8 25.Bd2 R5a6 26.a5 bxa5 27.Bxa5 Ne8 28.Bd2 c6 29.Nc3 fxe4 30.fxe4 Ne7
31.Be3 Kg8 32.Bd1 cxd5 33.cxd5 Rxa3 34.Rxa3 Rxa3 35.Qxa3 Qb7 36.Ba4 Bd7 37.Bxd7 Qxd7
38.Qb4 h6 39.Kg2 Bf8 40.Nb5 Qb7 41.Qa4 Nc8 42.Qa5 Kf7 43.h3 h5 44.Kf3 hxg4+
45.hxg4 Be7 46.Nh3 Kg7 47.Qa4 Kf7 48.Qc4 Bd8 49.Kg3 Kg8 50.Qf1 Nc7 51.Nxc7 Qxc7
52.Qb5 Kf7 53.Kf3 Be7 54.Qa6 Bf6 55.g5 Be7 56.Nf2 Bf8 57.Qf1 Ke8 58.Ng4 Bg7
59.Kg3 Nb6 60.Nf6+ Kd8 61.Qb5 Nd7 62.Bb6  1-0

[Event "Warsaw Legion op"]
[Site "Warsaw"]
[Date "1991.??.??"]
[Round "7"]
[White "Gleizerov, Evgeny"]
[Black "Kupreichik, Viktor D"]
[Result "1-0"]
[WhiteElo "2485"]
[BlackElo "2460"]

1.Nf3 Nf6 2.c4 g6 3.Nc3 Bg7 4.e4 d6 5.d4 O-O 6.Be2 e5 7.O-O Nc6 8.d5 Ne7
9.b4 Nh5 10.g3 f5 11.Ng5 Nf6 12.f3 Kh8 13.Be3 Neg8 14.Qd2 f4 15.gxf4 Nh5
16.f5 gxf5 17.exf5 Bxf5 18.Bd3 Nf4 19.Bxf4 exf4 20.Ne6 Bxe6 21.dxe6 c6 22.Kh1 Qf6
23.Ne4 Qxe6 24.Rae1 Bd4 25.Bc2 Be3 26.Qxd6 Qxd6 27.Nxd6 Rad8 28.Rd1 Rd7 29.c5 b6
30.cxb6 axb6 31.a4 Nf6 32.Bb3 c5 33.b5 Bd4 34.Nf5 Rfd8 35.Rfe1 Ne8 36.Ne7 Bf2
37.Rxd7 Rxd7 38.Re2 Nf6 39.Nc8 Be3 40.Nxb6 Rd3 41.Bc2 Ra3 42.Nc4 Ra1+ 43.Kg2 Nd5
44.b6 Rg1+ 45.Kh3 Rg5 46.Kh4 Rg8 47.b7 Rb8 48.Nd6 Kg7 49.a5 c4 50.a6 Nb4
51.Nf5+ Kf6 52.Nxe3 Nxa6 53.Nd5+  1-0

[Event "Wch U18"]
[Site "?"]
[Date "1991.??.??"]
[Round "?"]
[White "Hernandez, Je"]
[Black "Nielsen, Peter Heine"]
[Result "1/2-1/2"]
[WhiteElo "2305"]
[BlackElo "2365"]

1.d4 Nf6 2.Nf3 g6 3.c4 Bg7 4.Nc3 O-O 5.e4 d6 6.Be2 e5 7.O-O Nc6 8.d5 Ne7
9.Nd2 a5 10.a3 Bd7 11.b3 c5 12.Rb1 Ne8 13.Qc2 f5 14.b4 axb4 15.axb4 b6 16.bxc5 bxc5
17.Nb3 f4 18.f3 g5 19.Bd2 Ng6 20.Ra1 Rxa1 21.Rxa1 h5 22.Nb5 g4 23.Be1 Rf7
24.Ra6 Bf8 25.Nxc5 Qc8 26.Nxd7 Qxa6 27.Nxf8 Nxf8 28.fxg4 Qa1 29.Qd1 Qa2 30.g5 f3
31.gxf3 Ng6  1/2-1/2

[Event "Wch U18"]
[Site "?"]
[Date "1991.??.??"]
[Round "?"]
[White "Gabriel, Christian"]
[Black "Sakaev, Konstantin"]
[Result "1/2-1/2"]
[WhiteElo "2305"]
[BlackElo "2450"]

1.Nf3 Nf6 2.c4 g6 3.Nc3 Bg7 4.d4 O-O 5.e4 d6 6.Be2 e5 7.O-O Nc6 8.d5 Ne7
9.Nd2 a5 10.a3 Nd7 11.Rb1 f5 12.b4 Kh8 13.Qc2 Ng8 14.Bb2 Ngf6 15.Rbd1 b6
16.Bd3 f4 17.Na4 Nh5 18.Be2 axb4 19.axb4 Ba6 20.Ra1 Ndf6  1/2-1/2

[Event "Werfen"]
[Site "Werfen"]
[Date "1991.??.??"]
[Round "1"]
[White "Herndl, Harald"]
[Black "Schwartzman, Gabriel"]
[Result "0-1"]
[WhiteElo "2275"]
[BlackElo "2360"]

1.d4 Nf6 2.c4 g6 3.Nc3 Bg7 4.e4 d6 5.Nf3 O-O 6.Be2 e5 7.O-O Nc6 8.d5 Ne7
9.b4 Nh5 10.c5 f5 11.Ng5 Nf6 12.f3 h6 13.Ne6 Bxe6 14.dxe6 Kh8 15.Bc4 fxe4
16.fxe4 dxc5 17.bxc5 Qd4+ 18.Qxd4 exd4 19.Nb5 Nxe4 20.Ba3 Rxf1+ 21.Rxf1 Nd2
22.Rf7 Nxc4 23.Rxe7 d3 24.Bb4 Rf8 25.Rd7 Ne3 26.Rf7 Rxf7 27.exf7 Nd5 28.Bd2 Bf8
29.Kf1 Kg7 30.c6 bxc6 31.Nxa7 c5 32.a4 c4 33.Nb5 c6  0-1

[Event "Hoogovens-B"]
[Site "Wijk aan Zee"]
[Date "1991.??.??"]
[Round "8"]
[White "Frias, Victor J"]
[Black "Nijboer, Friso"]
[Result "0-1"]
[WhiteElo "2520"]
[BlackElo "2455"]

1.d4 Nf6 2.c4 g6 3.Nc3 Bg7 4.e4 d6 5.Nf3 O-O 6.Be2 e5 7.O-O Nc6 8.d5 Ne7
9.Bd2 Nh5 10.g3 f5 11.exf5 Nxf5 12.Ne4 Nf6 13.Bg5 h6 14.Bxf6 Bxf6 15.Bd3 Bg7
16.Kg2 c6 17.Qb3 Kh8 18.h4 Qd7 19.Rh1 Qf7 20.Be2 b5 21.Rad1 Bb7 22.dxc6 Bxc6
23.Nxd6 Nxd6 24.Rxd6 bxc4 25.Qe3 Rac8 26.Rc1 Qf5 27.Rc3 Rc7 28.Bd1 Bb7 29.Rd2 Rcf7
30.b3 g5 31.hxg5 hxg5 32.Kg1 Bxf3 33.Bxf3 Qxf3 34.Qxf3 Rxf3 35.Rxc4 R3f7
36.Kg2 Kh7 37.Ra4 Rc7 38.Kh3 Rf6 39.Kg4 Rcf7 40.f3 Rxf3 41.Rd8 Kg6 42.Ra8 Rd3
43.Ra6+ Rf6 44.R8xa7 Rd4+ 45.Kh3 g4+  0-1

[Event "Zalakaros op"]
[Site "Zalakaros"]
[Date "1991.??.??"]
[Round "5"]
[White "Sinkovics, Peter"]
[Black "Borsavolgyi, Tamas"]
[Result "1/2-1/2"]
[WhiteElo "2370"]
[BlackElo "2225"]

1.d4 Nf6 2.Nf3 g6 3.c4 Bg7 4.Nc3 O-O 5.e4 d6 6.Be2 e5 7.O-O Nc6 8.d5 Ne7
9.Nd2 a5 10.Rb1 c5 11.a3 Bd7 12.b4 b6 13.bxc5 dxc5 14.Qb3 Rb8 15.Rd1 Ne8
16.Nf1 Nd6 17.Be3 Qe8 18.f3 f5 19.Rd2 f4 20.Bf2 Rb7 21.Rdb2 Nec8 22.Qd1 Rc7
23.Nd2 g5 24.Rxb6 Nxb6 25.Rxb6 Rf6 26.Nb3 Qc8 27.Nxa5 Bf8 28.Qb3 Qa8 29.Nc6 Bxc6
30.dxc6 Rxc6 31.Nd5 Rf7 32.Rb8 Qa7 33.Qb2 Rb7 34.Rxb7 Qxb7 35.Qxe5 Nf7 36.Nf6+ Kg7
37.Ne8+ Kg8 38.Nf6+  1/2-1/2

[Event "Zug"]
[Site "Zug"]
[Date "1991.??.??"]
[Round "5"]
[White "Csiszar, Csaba"]
[Black "McDonald, Neil R"]
[Result "0-1"]
[WhiteElo "2270"]
[BlackElo "2385"]

1.d4 Nf6 2.c4 g6 3.Nc3 Bg7 4.e4 d6 5.Nf3 O-O 6.Be2 e5 7.O-O Nc6 8.Be3 Ng4
9.Bg5 f6 10.Bh4 Qe8 11.d5 Ne7 12.Nd2 h5 13.h3 Nh6 14.Rc1 c5 15.dxc6 Nxc6
16.Nb3 a5 17.Nb5 a4 18.Nc7 Qd8 19.Nxa8 axb3 20.c5 Be6 21.Nb6 Nd4 22.Bc4 Bxc4
23.Nxc4 dxc5 24.axb3 Nf7 25.Ne3 Nd6 26.Rxc5 Qb6 27.Rd5 Nxe4 28.Nc4 Qe6 29.Ra5 b5
30.Re1 f5 31.Na3 g5 32.Rxe4 fxe4 33.Bxg5 Qb6 34.b4 Qg6 35.Be3 Rd8 36.Qf1 Qc6
37.Kh1 Rd7 38.Qd1 Qg6 39.Nxb5 Kh7 40.Nxd4 exd4 41.Rxh5+ Kg8 42.Bf4 d3 43.Rg5 Qe6
44.Qd2 Rd5 45.Rg3 Kh7 46.f3 Rf5 47.fxe4 Qxe4 48.Rf3 Qe2 49.b5 Bd4 50.Qxe2 dxe2
51.Bg3 Rc5 52.h4 Rc1+ 53.Kh2 Be5  0-1

[Event "Ajka op"]
[Site "Ajka"]
[Date "1992.??.??"]
[Round "8"]
[White "Petran, Pal"]
[Black "Purtov, Andrei"]
[Result "1/2-1/2"]
[WhiteElo "2485"]
[BlackElo "2440"]

1.d4 Nf6 2.c4 g6 3.Nc3 Bg7 4.e4 d6 5.Nf3 O-O 6.Be2 e5 7.O-O Nc6 8.d5 Ne7
9.Nd2 a5 10.a3 Nd7 11.Rb1 f5 12.b4 Kh8 13.Qc2 axb4 14.axb4 Nf6 15.f3 Nh5
16.g3 Ng8 17.c5 Ngf6 18.Nb5 Bd7 19.Rb3 fxe4 20.fxe4 Bh3 21.Re1 Bh6 22.Nf3 Bxc1
23.Rxc1 Ng4 24.Qd2 h6 25.Bf1 Bxf1 26.Rxf1 Kh7 27.Rc3 Ngf6 28.Qe2 Rf7 29.Rfc1 Ng7
30.c6 b6 31.Kg2 Ra4 32.Qc4 Qf8 33.Rf1 Nfe8 34.Nd2 Nh5 35.Rxf7+ Qxf7 36.Rf3 Qe7
37.h3 Nhf6 38.Ra3 Rxa3 39.Nxa3 Kg8 40.Nb5 Nh7 41.Qe2 h5 42.h4 Qd8 43.Nf3 Qa8
44.Ng5 Nxg5 45.hxg5 Qa1 46.Qf1 Qa2+ 47.Kh3 Qc2 48.Nxc7 Nxc7 49.Qf6 Ne8 50.Qe7 Ng7
51.c7 Kh7 52.Qd7  1/2-1/2

[Event "Simferopol/Alushta (Women)"]
[Site "Alushta"]
[Date "1992.??.??"]
[Round "?"]
[White "Lelchuk, Zoja"]
[Black "Alieva, Elvira"]
[Result "1-0"]
[WhiteElo "2335"]
[BlackElo "2160"]

1.Nf3 Nf6 2.c4 g6 3.Nc3 Bg7 4.e4 d6 5.d4 O-O 6.Be2 e5 7.O-O Nc6 8.d5 Ne7
9.Ne1 Nd7 10.Nd3 f5 11.f3 Kh8 12.b4 a5 13.bxa5 Ng8 14.a4 Rxa5 15.Ba3 Ngf6
16.Bb4 Ra8 17.c5 dxc5 18.Nxc5 Nxc5 19.Bxc5 Re8 20.Qb3 Nh5 21.Bb5 Bd7 22.Rad1 c6
23.dxc6 bxc6 24.Bc4 Rb8 25.Qa3 Bf8 26.exf5 Qh4 27.Bxf8 Bxf5 28.Bd6 Qxc4 29.Bxb8 Rxb8
30.Rfe1 Re8 31.Ne2 Nf6 32.Ng3 Bc2 33.Qd6 Kg7 34.Qc7+ Kh6 35.Rd6 Qc3 36.Rf1 Nd5
37.Rxd5 Qe3+ 38.Kh1 cxd5 39.Qxc2 Rb8 40.Qc6 Qd3 41.Qc1+  1-0

[Event "Alushta"]
[Site "Alushta"]
[Date "1992.??.??"]
[Round "11"]
[White "Buturin, Vladimir"]
[Black "Frolov, Artur"]
[Result "1-0"]
[WhiteElo "2415"]
[BlackElo "2510"]

1.d4 Nf6 2.Nf3 g6 3.c4 Bg7 4.Nc3 O-O 5.e4 d6 6.Be2 e5 7.O-O Nc6 8.Be3 Ng4
9.Bg5 f6 10.Bh4 Nh6 11.dxe5 dxe5 12.Qxd8 Nxd8 13.Nd5 Ne6 14.Ne7+ Kf7 15.Nxc8 Rfxc8
16.Rfd1 Ke7 17.Ne1 Nd4 18.Kf1 Nf7 19.f3 Nd8 20.Bd3 N8e6 21.Nc2 Nxc2 22.Bxc2 Nd4
23.Ba4 c5 24.Bf2 a5 25.Rd3 Ra6 26.Bxd4 cxd4 27.Rb3 b6 28.Ke2 Bh6 29.Kd3 Be3
30.Rb5 Rc5 31.Rb3 h5 32.h3 f5 33.Rb5 Kf6 34.h4 Bf2 35.Rh1 Kg7 36.Ke2 Be3
37.Kd3 Bf4 38.Rh3 Kh6 39.Rh1 Be3 40.Rh3 Kg7 41.Rh1 Kf6 42.Rb3 Rc8 43.Rb5 Ke6
44.Rd5 Ra7 45.Rh3 Rac7 46.Rb5 Rb7 47.Rg3 Kf7 48.exf5 gxf5 49.Rxe5 Rc5 50.Be8+ Kf6
51.Rd5 Rxd5 52.cxd5 Rg7 53.Rxg7 Kxg7 54.d6 Bf2 55.d7 Bxh4 56.Kxd4 Bd8 57.Ke5 h4
58.Kxf5 b5 59.Ke6 b4 60.f4 Kf8 61.Kd6 a4 62.Kc6  1-0

[Event "Wch U26"]
[Site "Antwerp"]
[Date "1992.??.??"]
[Round "6"]
[White "Shikerov, Stefan"]
[Black "Mrva, Martin"]
[Result "1-0"]
[WhiteElo "2265"]
[BlackElo "2375"]

1.d4 Nf6 2.c4 g6 3.Nc3 Bg7 4.e4 d6 5.Nf3 O-O 6.Be2 e5 7.O-O Nc6 8.Be3 Re8
9.dxe5 dxe5 10.Qxd8 Nxd8 11.Nb5 Ne6 12.Ng5 Re7 13.Nxe6 Bxe6 14.f3 Nh5 15.Rfd1 a6
16.Nc3 f5 17.Bf1 Rf7 18.Rd2 Nf6 19.exf5 gxf5 20.Rad1 Re8 21.h3 Bf8 22.Rd8 Be7
23.Rxe8+ Nxe8 24.Be2 b6 25.b3 Bd6 26.c5 bxc5 27.Bxa6 Nf6 28.Bc4 Bxc4 29.bxc4 Rf8
30.Nb5 Rd8 31.Bg5 Kf7 32.a4 Ke6 33.a5 Rf8 34.Bxf6 Rxf6 35.a6 Rf8 36.a7 Ra8
37.Rxd6+ cxd6 38.Nc7+ Kd7 39.Nxa8  1-0

[Event "Asuncion"]
[Site "Asuncion"]
[Date "1992.??.??"]
[Round "7"]
[White "Brito, Alfredo"]
[Black "Valiente, Cristobal"]
[Result "0-1"]
[WhiteElo "2400"]
[BlackElo "2345"]

1.d4 Nf6 2.c4 g6 3.Nc3 Bg7 4.Nf3 d6 5.e4 O-O 6.Be2 e5 7.O-O Nc6 8.d5 Ne7
9.b4 Nh5 10.g3 h6 11.Nd2 Bh3 12.Re1 Nf4 13.Bf1 Bxf1 14.Nxf1 Nh5 15.Ne3 Qc8
16.c5 Qh3 17.cxd6 cxd6 18.Nb5 Rad8 19.Qg4 Qxg4 20.Nxg4 f5 21.Ne3 fxe4 22.Nxa7 Nf4
23.gxf4 exf4 24.Nc2 e3 25.fxe3 Nxd5 26.exf4 Ra8 27.Nb5 Rfc8 28.Ncd4 Rc4 29.Rd1 Nc3
30.Nxc3 Rxd4 31.Rb1 Rc4 32.Nb5 Rxa2 33.Nxd6 Rcc2 34.Be3 Rg2+ 35.Kf1 Rxh2
36.Nxb7 Rh3 37.Rd2 Rxd2 38.Bxd2 Rh1+ 39.Ke2 Rxb1 40.Na5 h5 41.Kf3 Kf7 42.Nc4 Ke6
43.Ne3 Bf8 44.Ng2 Bxb4 45.Be3 Be7 46.Bf2 Rb3+ 47.Ke4 Rh3 48.Bb6 Rg3 49.Ne1 Rb3
50.Bf2 Rb4+ 51.Kf3 Kd5 52.Ng2 Rb3+ 53.Ne3+ Kd4 54.Bg1 Bh4 55.f5 Bg5  0-1

[Event "Akropolis op"]
[Site "Athens"]
[Date "1992.??.??"]
[Round "7"]
[White "Blees, Albert"]
[Black "Georgiev, Krum"]
[Result "1/2-1/2"]
[WhiteElo "2410"]
[BlackElo "2505"]

1.d4 Nf6 2.c4 g6 3.Nc3 Bg7 4.e4 d6 5.Nf3 O-O 6.Be2 e5 7.O-O Nc6 8.d5 Ne7
9.b4 Nh5 10.g3 f5 11.Ng5 Nf6 12.f3 c6 13.b5 cxd5 14.cxd5 h6 15.Ne6 Bxe6 16.dxe6 Rc8
17.Qb3 Qb6+ 18.Kg2 fxe4 19.fxe4 Qd4 20.Bb2 Nxe4 21.Nxe4 Qxe4+ 22.Bf3 Rc2+
23.Kh3 Rxf3 24.Qxf3 Qb4 25.Rf2 Rxb2 26.Rc1 e4 27.Qf7+ Kh7 28.Rxb2 Qxb2 29.Rc7 Nf5
30.Rc8 h5 31.e7 Nxe7 32.Qxe7 Qf2 33.Rc7 Qf5+ 34.Kg2 Qf3+ 35.Kg1 Qd1+ 36.Kg2 Qe2+
37.Kg1 Qe1+ 38.Kg2 Qe2+ 39.Kg1 Qe1+ 40.Kg2 Qe2+  1/2-1/2

[Event "Athens schev (Women)"]
[Site "Athens"]
[Date "1992.??.??"]
[Round "12"]
[White "Maric, Alisa"]
[Black "Makropoulou, Marina"]
[Result "1/2-1/2"]
[WhiteElo "2400"]
[BlackElo "2305"]

1.d4 Nf6 2.c4 g6 3.Nc3 Bg7 4.e4 d6 5.Nf3 O-O 6.Be2 e5 7.O-O Nc6 8.Be3 Ng4
9.Bg5 f6 10.Bc1 exd4 11.Nxd4 Nxd4 12.Qxd4 f5 13.Qd5+ Rf7 14.Bxg4 fxg4 15.c5 Qf8
16.cxd6 Qxd6 17.Qxd6 cxd6 18.Rd1 Be5 19.Be3 Bd7 20.Bd4 Bc6 21.Rac1 h5 22.Rc2 Kh7
23.Bxe5 dxe5 24.Rd6 Re8 25.Rcd2 Kg7 26.Kf1 h4 27.Rd8 Ree7 28.Ke2 a6 29.Nd5 Bb5+
30.Ke1 Re6 31.Nc3 Bc6 32.R8d6 Rxd6 33.Rxd6 Re7 34.Ke2 Re8 35.Ke3 Kf7 36.Nb1 Rc8
37.Nc3 Be8 38.Kd2 Ke7 39.Rd3 Ke6 40.g3 g5 41.Ke3 Bg6 42.Rd1  1/2-1/2

[Event "AUT-chT"]
[Site "AUT"]
[Date "1992.??.??"]
[Round "?"]
[White "Horvath, Jozsef"]
[Black "Vukic, Milan"]
[Result "1-0"]
[WhiteElo "2480"]
[BlackElo "2495"]

1.d4 Nf6 2.c4 g6 3.Nc3 Bg7 4.e4 d6 5.Nf3 O-O 6.Be2 e5 7.O-O Nc6 8.Be3 Ng4
9.Bg5 f6 10.Bc1 Nh6 11.dxe5 dxe5 12.Qd5+ Nf7 13.Be3 Bg4 14.Rad1 Qc8 15.Qb5 Re8
16.c5 Bh6 17.Bc4 Bxe3 18.fxe3 Kg7 19.Rb1 Rf8 20.Rf2 Ncd8 21.Rbf1 c6 22.Qa5 Qb8
23.Nd2 Nh6 24.h3 Be6 25.b4 b6 26.Qa3 Ng8 27.Qb3 Bxc4 28.Nxc4 bxc5 29.bxc5 Ne6
30.Qa3 Rd8 31.Rb2 Qc7 32.Rfb1 Rab8 33.Na5 Rxb2 34.Rxb2 Rd7 35.Nb7 Nh6 36.Nd6 Qd8
37.Qa6 Nxc5 38.Qxc6 Rxd6 39.Qxc5 Qd7 40.Rb8 Nf7 41.Rc8 Qe6 42.Rc7 a6 43.Qa7 Rc6
44.Re7 Qxe7 45.Qxe7 Rxc3 46.Qe6 a5 47.a4 Rxe3 48.Qb6 Re1+ 49.Kh2 Rxe4 50.Qxa5 Rd4
51.Qa7 Rd6 52.a5 e4 53.Kg1 f5 54.a6 f4 55.Qb7 Rd1+ 56.Kh2  1-0

[Event "Bad Woerishofen op"]
[Site "Bad Woerishofen"]
[Date "1992.??.??"]
[Round "5"]
[White "Cebalo, Miso"]
[Black "Klundt, Klaus"]
[Result "1-0"]
[WhiteElo "2515"]
[BlackElo "2415"]

1.d4 Nf6 2.Nf3 g6 3.c4 Bg7 4.Nc3 O-O 5.e4 d6 6.Be2 e5 7.O-O Nc6 8.d5 Ne7
9.b4 Nh5 10.c5 Nf4 11.Bxf4 exf4 12.Qb3 h6 13.Rad1 g5 14.e5 dxe5 15.d6 Nf5
16.dxc7 Qxc7 17.h3 Be6 18.Bc4 Bxc4 19.Qxc4 Rad8 20.Nd5 Qb8 21.Qe4 Nd4 22.Nxd4 exd4
23.Rfe1 Rfe8 24.Qf5 Rxe1+ 25.Rxe1 Re8 26.Re7 Rxe7 27.Nxe7+ Kf8 28.Nc8 Be5
29.Qd7 d3 30.Kf1 a6 31.Nb6 Bc7 32.Qd4 Qd8 33.Nd5 f6 34.Qxd3 Kg7 35.Ke2 Qe8+
36.Kd2 Be5 37.Nb6 Qc6 38.Qd7+ Kf8 39.Qxc6 bxc6 40.Nc4 Ke7 41.Na5 Kd7 42.Kd3 Bc7
43.Nb3 Be5 44.f3 h5 45.Kc4 Bc7 46.a4 Be5 47.b5 axb5+ 48.axb5 cxb5+ 49.Kxb5 Ke6
50.Kc4 Bc7 51.Nd4+ Kd7 52.Kd5 Be5 53.Nb5 Bc7 54.c6+  1-0

[Event "Bad Woerishofen op"]
[Site "Bad Woerishofen"]
[Date "1992.??.??"]
[Round "5"]
[White "Chuchelov, Vladimir"]
[Black "Krogh, Carsten"]
[Result "1-0"]
[WhiteElo "2490"]
[BlackElo "2280"]

1.d4 Nf6 2.Nf3 g6 3.c4 Bg7 4.Nc3 O-O 5.e4 d6 6.Be2 e5 7.O-O Nc6 8.d5 Ne7
9.Nd2 a5 10.a3 Bd7 11.b3 c5 12.Rb1 Ne8 13.b4 b6 14.bxc5 dxc5 15.Nf3 h6 16.Bb2 Nc8
17.Bd3 f5 18.Re1 f4 19.Bc2 Ned6 20.Nd2 f3 21.Nxf3 Nxc4 22.Bc1 N4d6 23.a4 g5
24.Bd3 Ne7 25.Nd2 Nec8 26.Be2 Rb8 27.Bg4 Na7 28.Ba3 Qc8 29.Bxd7 Qxd7 30.Qe2 Rfc8
31.Nc4 Nxc4 32.Qxc4 Bf8 33.Rb3 Rb7 34.Reb1 Qd6 35.Nd1 Kh7 36.Ne3 Rcb8 37.h4 Qf6
38.hxg5 hxg5 39.Ng4  1-0

[Event "Baden-Baden"]
[Site "Baden-Baden"]
[Date "1992.??.??"]
[Round "1"]
[White "Lobron, Eric"]
[Black "Kindermann, Stefan"]
[Result "1-0"]
[WhiteElo "2625"]
[BlackElo "2505"]

1.d4 Nf6 2.c4 g6 3.Nc3 Bg7 4.e4 d6 5.Nf3 O-O 6.Be2 e5 7.O-O Nc6 8.d5 Ne7
9.Nd2 a5 10.a3 Nd7 11.Rb1 f5 12.b4 Kh8 13.Qc2 Ng8 14.f3 Bh6 15.c5 axb4 16.axb4 dxc5
17.bxc5 Nxc5 18.Nb5 b6 19.Nb3 fxe4 20.Nxc5 bxc5 21.Bxh6 Nxh6 22.Qxc5 exf3
23.Bxf3 Ba6 24.Qe3 Nf7 25.d6 Bxb5 26.Rxb5 Rc8 27.Bg4 Ra8 28.Bf3 Rc8 29.Bg4 Ra8
30.d7 Qe7 31.Rc5 Ra4 32.Rxe5 Qd6 33.Re8 Rxg4 34.Rxf8+ Qxf8 35.Rxf7  1-0

[Event "Bankia tt"]
[Site "Bankia"]
[Date "1992.??.??"]
[Round "4"]
[White "Lalev, Dimitar"]
[Black "Janev, Evgeni"]
[Result "1-0"]
[WhiteElo "2425"]
[BlackElo "2360"]

1.d4 Nf6 2.c4 g6 3.Nc3 Bg7 4.e4 d6 5.Nf3 O-O 6.Be2 e5 7.O-O Nc6 8.d5 Ne7
9.Nd2 a5 10.a3 Nd7 11.Rb1 f5 12.b4 Kh8 13.Qc2 b6 14.f3 f4 15.Nb3 axb4 16.axb4 g5
17.Nb5 Nf6 18.c5 Ne8 19.cxd6 cxd6 20.Bd2 Bd7 21.Ra1 Rc8 22.Qd3 h5 23.Na7 g4
24.Nxc8 Nxc8 25.Rfc1 Nf6 26.Be1 Nh7 27.Kh1 Bf6 28.Qd1 Bh4 29.Ra8 Bxe1 30.Qxe1 Rg8
31.Ba6 gxf3 32.gxf3 Bh3 33.Qf2 Rg2 34.Rcxc8 Rxf2 35.Rxd8+ Kg7 36.Ra7+ Kg6
37.Rg8+ Kh6 38.Rh8 b5 39.Rhxh7+ Kg5 40.Rxh5+  1-0

[Event "Bankia tt"]
[Site "Bankia"]
[Date "1992.??.??"]
[Round "5"]
[White "Lalev, Dimitar"]
[Black "Todorov, Ognjan"]
[Result "1-0"]
[WhiteElo "2425"]
[BlackElo "2365"]

1.d4 Nf6 2.c4 g6 3.Nc3 Bg7 4.e4 d6 5.Nf3 O-O 6.Be2 e5 7.O-O Nc6 8.d5 Ne7
9.Nd2 a5 10.a3 Nd7 11.Rb1 f5 12.b4 Kh8 13.Qc2 Ng8 14.exf5 gxf5 15.f4 axb4
16.axb4 exf4 17.Nf3 Ne5 18.Bxf4 Nh6 19.Qd2 Nxf3+ 20.Rxf3 Nf7 21.Rbf1 Ne5
22.R3f2 Bd7 23.c5 Qe8 24.Bh6 Rg8 25.Bxg7+ Rxg7 26.Qd4 Qg6 27.g3 Rag8 28.Nd1 Rf7
29.Ne3 Qg7 30.Kh1 Rgf8 31.cxd6 cxd6 32.Qb6 Qh6 33.Ng2 Ba4 34.Ne3 f4 35.gxf4 Rxf4
36.Rxf4 Rxf4 37.Qd8+ Kg7 38.Nf5+ Rxf5 39.Rxf5 Nf7 40.Qe7 Qg6 41.Rf3  1-0